Flores para la araucanía: curso
Salvato in:
| Ente Autore: | |
|---|---|
| Natura: | Libro |
| Lingua: | spagnolo |
| Pubblicazione: |
Temuco
INIA
1996
|
| Serie: | Carillanca, 50
|
| Soggetti: | |
| Tags: |
Aggiungi Tag
Nessun Tag, puoi essere il primo ad aggiungerne!!
|
MARC
| LEADER | 00000nam a2200000 a 4500 | ||
|---|---|---|---|
| 001 | UCR2998 | ||
| 003 | CL-VaPUC | ||
| 008 | 980123e19960000CL |||||||||||||||||spa|d | ||
| 082 | 0 | 4 | |a 635.9 |b INI |2 21 |
| 110 | 2 | |a INIA |e author |9 401629 | |
| 245 | 1 | 0 | |a Flores para la araucanía: curso |
| 300 | |a 183 p | ||
| 942 | |c BK | ||
| 945 | |d 19980123 00:00:00 |a jquezada | ||
| 260 | |a Temuco |b INIA |c 1996 | ||
| 650 | 0 | |a Floricultura |9 264401 | |
| 650 | 0 | |a Producción |9 263680 | |
| 650 | 7 | |a PLASTICOS EN AGRICULTURA |2 CL-VaPUC |9 326399 | |
| 650 | 7 | |a INSUMOS AGRICOLAS |2 CL-VaPUC |9 326401 | |
| 650 | 7 | |a MULTIPLICACION DE PLANTAS |2 CL-VaPUC |9 401630 | |
| 650 | 0 | |a Cosecha |9 259688 | |
| 650 | 7 | |a GLADIOLO |2 CL-VaPUC |9 401631 | |
| 650 | 7 | |a CLAVEL |2 CL-VaPUC |9 401555 | |
| 650 | 7 | |a TULIPAN |2 CL-VaPUC |9 401632 | |
| 650 | 7 | |a LILIUM |2 CL-VaPUC |9 401633 | |
| 650 | 7 | |a EXPORTACION DE FLORES |2 CL-VaPUC |9 401634 | |
| 650 | 0 | |a Riego |9 259685 | |
| 650 | 0 | |a Invernaderos |9 264317 | |
| 651 | 7 | |a ARAUCO |2 CL-VaPUC |9 358066 | |
| 651 | 7 | |a CHILE |2 CL-VaPUC |9 401635 | |
| 583 | |a last modification |c 19980123 00:00:00 |k Rodrigo Vera | ||
| 490 | 0 | |a Carillanca, 50 | |
| 999 | |c 266114 |d 266112 | ||